Дело по донесениям начальников губерний о назначении преступникам отдалённых губерний, кроме Симбирских

Доступно только в Электронных читальных залах Найти на картеНа карте
RUSMARC
00003718nmc2a22000003x 450
0017f97b081-c690-4dbd-bf6b-e73e9a74a88b
00520200228003122.0
100##$a20180808l18621864k l0rusy0189 ca
1010#$arus
102##$aRU
2001#$aДело по донесениям начальников губерний о назначении преступникам отдалённых губерний, кроме Симбирских
$j6 января 1862 г. - 31 октября 1864 г.
251##$cДело
300##$aДело
801#0$aRU
$bРГИА
$c20180808
$gRCR
801#1$aRU
$bГлавНИВЦ
$c20180808
$2rusmarc
801#2$aRU
$bПБ им. Б.Н. Ельцина
$c20200228
$gRCR
$2rusmarc
850##$aРГИА
852##$aРГИА
$eФедеральное казенное учреждение "Российский государственный исторический архив" (РГИА)
$j788
937##$hРГИА
$d12285572
$aASBIBLIO_SCAN
462#0$10015c398cbf-df74-45c9-b4be-e102fe866560
$12001
$aДела Департамента полиции исполнительной МВД за 1862 год
$1251
$cОпись
$1852
$j23
$l1862 г.
461#0$10013e300ed0-cd39-49af-8489-5ba5b90fa401
$12001
$aДепартамент полиции исполнительной МВД
$1251
$cФонд
$1852
$j1286
215##$a361 л.
$d36,5х26 см
371##$aДокумент не является опубликованным и широко распространяемым
105##$ay###
1222#$ad
035##$a7f97b081-c690-4dbd-bf6b-e73e9a74a88b
856##$uhttp://readingroom.main.prlib.ru/item.aspx?id_node=n141946945&mode=full
Формат отображения